A Protestant dictionary : (Record no. 9051)

MARC details
000 -LEADER
fixed length control field 01357nam a2200337 4500
001 - CONTROL NUMBER
control field 446777
003 - CONTROL NUMBER IDENTIFIER
control field OCoLC
005 - DATE AND TIME OF LATEST TRANSACTION
control field 20241126110704.0
008 - FIXED-LENGTH DATA ELEMENTS--GENERAL INFORMATION
fixed length control field 720918r19721904miua bd 000 0 eng
010 ## -
-- 73155436
035 ## - SYSTEM CONTROL NUMBER
System control number .b13029575
035 ## - SYSTEM CONTROL NUMBER
System control number 1429073
040 ## - CATALOGING SOURCE
Modifying agency UtOrBLW
Transcribing agency GBC
050 ## -
-- BR95
-- .W7 1972
050 #0 -
-- BR95
-- .W7 1972
050 00 -
-- BR95
-- .W7 1972
082 ## - DEWEY DECIMAL CLASSIFICATION NUMBER
Classification number 280.403
Item number PRO
100 1# - MAIN ENTRY--PERSONAL NAME
Personal name Wright, Charles H. H.
Fuller form of name (Charles Henry Hamilton),
Dates associated with a name 1836-1909,
Relator term editor.
Authority record control number or standard number http://id.loc.gov/authorities/names/n88614388
9 (RLIN) 15800
245 12 - TITLE STATEMENT
Title A Protestant dictionary :
Remainder of title containing articles on the history, doctrines, and practices of the Christian Church /
Statement of responsibility, etc. edited by Charles H. H. Wright and Charles Neil. London, Hodder and Stoughton, 1904
264 #1 - PRODUCTION, PUBLICATION, DISTRIBUTION, MANUFACTURE, AND COPYRIGHT NOTICE
Place of production, publication, distribution, manufacture Detroit :
Name of producer, publisher, distributor, manufacturer Gale Research Co.,
Date of production, publication, distribution, manufacture, or copyright notice 1972
300 ## - PHYSICAL DESCRIPTION
Extent xv, 832 pages :
Other physical details illustrations ;
Dimensions 23 cm
336 ## - CONTENT TYPE
Content type term text
Content type code txt
Source rdacontent
337 ## - MEDIA TYPE
Media type term unmediated
Media type code n
Source rdamedia
338 ## - CARRIER TYPE
Carrier type term volume
Carrier type code nc
Source rdacarrier
504 ## - BIBLIOGRAPHY, ETC. NOTE
Bibliography, etc. note Includes bibliographical references
610 20 - SUBJECT ADDED ENTRY--CORPORATE NAME
Corporate name or jurisdiction name as entry element Catholic Church
Form subdivision Controversial literature
General subdivision Protestant authors
9 (RLIN) 15801
650 #0 - SUBJECT ADDED ENTRY--TOPICAL TERM
Topical term or geographic name entry element Theology
Form subdivision Dictionaries.
Authority record control number or standard number http://id.loc.gov/authorities/subjects/sh85134679
9 (RLIN) 1723
650 #0 - SUBJECT ADDED ENTRY--TOPICAL TERM
Topical term or geographic name entry element Protestantism
Form subdivision Dictionaries
9 (RLIN) 15802
700 1# - ADDED ENTRY--PERSONAL NAME
Personal name Neil, Charles,
Dates associated with a name 1841-
Title of a work Protestant dictionary
9 (RLIN) 15803
942 ## - ADDED ENTRY ELEMENTS (KOHA)
Source of classification or shelving scheme Dewey Decimal Classification
Koha item type Reference Books
Holdings
Withdrawn status Lost status Source of classification or shelving scheme Damaged status Not for loan Home library Current Library Shelving location Date acquired Total checkouts Full call number Barcode Date last seen Copy number Price effective from Koha item type
    Dewey Decimal Classification     GRACE BIBLE COLLEGE GRACE BIBLE COLLEGE Dictionary 2022-03-29   280.403 PRO 015465 2025-05-01 c.1 2022-03-29 Reference Books
© Grace Bible College Library 2025